| 000 | 00837nam a22002897a 4500 | ||
|---|---|---|---|
| 001 | 0074 | ||
| 003 | DO-SdBNP | ||
| 005 | 20180202110742.0 | ||
| 007 | 0074 | ||
| 008 | 151105b sp 1978 ||||| |||| 00| 0 spa d | ||
| 020 | _a8402014119 | ||
| 040 |
_aBPMSU _bspa _cBPMSU |
||
| 092 |
_axxxxxxx _bxxxxxxx |
||
| 100 | 1 | _aD'isard, Marcel | |
| 245 | 1 | 4 |
_aLas maravillas del mundo submarino / _cMarcel D'isard; ilustración Francisco Blanes Aracil |
| 250 | _a4a ed. | ||
| 260 |
_aMadrid, España : _bBruguera, _c1978. |
||
| 300 |
_a175 p. : _bil., _c20 cm. |
||
| 490 | 1 | _aHistorias selección | |
| 490 | 1 |
_aGrandes aventuras _v10 |
|
| 700 | 1 |
_aBlanes Aracil, Francisco, _eil. |
|
| 830 | 0 | 0 | _aHistorias selección |
| 830 | 0 |
_aGrandes aventuras _n10 |
|
| 942 |
_2ddc _cBK |
||
| 945 | _aInventariado, 2018 /LP | ||
| 956 |
_aBrenda Tavárez _b10 |
||
| 999 |
_c8586 _d8586 |
||